000 00924cam a2200325 a 4500
001 160183
003 ARRUPE
005 20160916090139.0
008 830513s1983 enk b 000 0 eng
010 _a 82020846
020 _a0416317308 (pbk.) :
_c$3.95
035 _a(OCoLC)8930964
035 _a(OCoLC)ocm08930964
035 _a(CStRLIN)NYCG83-B35310
035 _a(NNC)160183
040 _cArrupe
050 0 _aPR6023.E8332
082 0 _a823/.914
_219
090 _aPR6023.E833
_bZ878 1983
100 1 _aSage, Lorna.
_925585
245 1 0 _aDoris Lessing /
_cLorna Sage.
260 _aLondon ;
_aNew York :
_bMethuen,
_c1983.
300 _a91 p. ;
_c20 cm.
490 1 _aContemporary writers
504 _aBibliography: p. 88-91.
600 1 0 _aLessing, Doris,
_d1919-2013
_xCriticism and interpretation.
_925586
830 0 _aContemporary writers.
_925587
942 _2lcc
_cMONOGRAPH
999 _c125180
_d125180